Siete novelas / (Registro nro. 4195)
[ vista simple ]
| 000 -LEADER | |
|---|---|
| fixed length control field | 00792nam a2200229Ia 4500 |
| 003 - CONTROL NUMBER IDENTIFIER | |
| control field | OSt |
| 005 - DATE AND TIME OF LATEST TRANSACTION | |
| control field | 20200723171950.0 |
| 008 - FIXED-LENGTH DATA ELEMENTS--GENERAL INFORMATION | |
| fixed length control field | 191128s1995 ck er 000 f spa d |
| 020 ## - INTERNATIONAL STANDARD BOOK NUMBER | |
| International Standard Book Number | 9582403063 |
| 040 ## - CATALOGING SOURCE | |
| Original cataloging agency | CO-JMCR |
| Transcribing agency | CO-JMCR |
| 041 ## - LANGUAGE CODE | |
| Language code of text/sound track or separate title | spa |
| 082 14 - DEWEY DECIMAL CLASSIFICATION NUMBER | |
| Classification number | N / |
| Item number | MUTs |
| 100 1# - MAIN ENTRY--PERSONAL NAME | |
| Personal name | Mutis, Álvaro, |
| Dates associated with a name | 1923-2013 |
| Relator term | autor |
| 9 (RLIN) | 7735 |
| 245 10 - TITLE STATEMENT | |
| Title | Siete novelas / |
| Statement of responsibility, etc. | Álvaro Mutis |
| 250 ## - EDITION STATEMENT | |
| Edition statement | Primera edición |
| 260 ## - PUBLICATION, DISTRIBUTION, ETC. | |
| Place of publication, distribution, etc. | Bogotá : |
| Name of publisher, distributor, etc. | Alfaguara, |
| Date of publication, distribution, etc. | 1995 |
| 300 ## - PHYSICAL DESCRIPTION | |
| Extent | 717 páginas ; |
| Dimensions | 24 cm. |
| 500 ## - GENERAL NOTE | |
| General note | Biografía del autor en solapa |
| 505 ## - FORMATTED CONTENTS NOTE | |
| Formatted contents note | La nieve del almirante -- Ilona llega con la lluvia -- Un bel morir -- La última escala del tramp steamer -- Amirbar -- Abdul Bashur, soñador de navíos -- Tríptico de mar y tierra |
| 650 14 - SUBJECT ADDED ENTRY--TOPICAL TERM | |
| Topical term or geographic name entry element | Novela Colombiana |
| 9 (RLIN) | 7736 |
| 942 ## - ADDED ENTRY ELEMENTS (KOHA) | |
| Source of classification or shelving scheme | Dewey Decimal Classification |
| Koha item type | Books |
| Withdrawn status | Lost status | Source of classification or shelving scheme | Damaged status | Not for loan | Collection code | Home library | Current library | Date acquired | Source of acquisition | Total Checkouts | Total Renewals | Full call number | Barcode | Date last seen | Date last checked out | Copy number | Koha item type |
|---|---|---|---|---|---|---|---|---|---|---|---|---|---|---|---|---|---|
| Dewey Decimal Classification | Fiction | Biblioteca Pública José María del Castillo y Rada | Biblioteca Pública José María del Castillo y Rada | 11/28/2019 | Donación | 5 | 1 | N / MUTs | 201809020 | 06/30/2023 | 06/30/2023 | Ej.1 | Books |